[Event "Izhevsk Udmurtia-ch"]
[Site "Izhevsk"]
[Date "2011.12.09"]
[Round "9"]
[White "Fursov, Dmitriy"]
[Black "Efimov, Anton"]
[Result "1-0"]
[WhiteElo "2086"]
[BlackElo "1960"]
[PlyCount "112"]
[EventDate "2011.12.02"]
[EventType "swiss"]
[EventRounds "11"]
[EventCountry "RUS"]
[SourceTitle "CBM 146 Extra"]
[Source "ChessBase"]
[SourceDate "2012.02.29"]
[SourceVersion "1"]
[SourceVersionDate "2012.02.29"]
[SourceQuality "1"]

1. d4 Nf6 2. c4 g6 3. Nc3 d5 4. Nf3 Bg7 5. Bf4 0-0 6. e3 c5 7. dxc5 Qa5 8. Qa4 Qxc5 9. Be2 Nc6 10. 0-0 Be6 11. Ng5 Bf5 12. cxd5 Nxd5 13. Nxd5 Qxd5 14. Bf3 Qc5 15. Rac1 Qb6 16. Bxc6 bxc6 17. b3 Qb5 18. Qa3 Bf6 19. Nf3 Rfd8 20. h3 Rd5 21. Rc4 Bd3 22. Rb4 Bxf1 23. Rxb5 Bxb5 24. e4 Rd1+ 25. Kh2 e6 26. Qc5 Rd7 27. Bd6 Bd8 28. a4 Bb6 29. Qe5 Rad8 30. Bb8 Be2 31. Qf4 Bxf3 32. Be5 Bd4 33. Bxd4 Rxd4 34. Qxf3 Rd3 35. Qf6 Rb8 36. h4 h5 37. f4 Rbxb3 38. f5 exf5 39. exf5 Rg3 40. Qd8+ Kh7 41. Qf8 gxf5 42. Qxf7+ Kh6 43. Qf6+ Kh7 44. Qxf5+ Kh6 45. Qe6+ Kg7 46. Qxc6 Rg6 47. Qc7+ Kf8 48. Qc5+ Kg7 49. Qxa7+ Kf8 50. Qc5+ Kg7 51. Qe5+ Kf8 52. a5 Rb7 53. a6 Rbg7 54. Qb8+ Kf7 55. a7 Rxg2+ 56. Kh3 Rd2 1-0

[Event "Izhevsk Udmurtia-ch"]
[Site "Izhevsk"]
[Date "2011.12.02"]
[Round "2"]
[White "Fursov, Dmitriy"]
[Black "Shumilov, Kirill"]
[Result "0-1"]
[WhiteElo "2086"]
[BlackElo "2180"]
[PlyCount "70"]
[EventDate "2011.12.02"]
[EventType "swiss"]
[EventRounds "11"]
[EventCountry "RUS"]
[SourceTitle "CBM 146 Extra"]
[Source "ChessBase"]
[SourceDate "2012.02.29"]
[SourceVersion "1"]
[SourceVersionDate "2012.02.29"]
[SourceQuality "1"]

1. d4 e6 2. c4 c5 3. d5 e5 4. Nc3 d6 5. g3 f5 6. Bg2 Nf6 7. Nf3 h6 8. Nh4 g5 9. Ng6 Rg8 10. Nxf8 Kxf8 11. h4 Na6 12. Bd2 Qe7 13. a3 Bd7 14. Qb3 Rb8 15. Nb5 Bxb5 16. cxb5 Nc7 17. 0-0-0 b6 18. hxg5 hxg5 19. a4 Qf7 20. Rh6 Ke7 21. Rdh1 Rg7 22. Qc2 Ng4 23. R6h5 Rbg8 24. f3 Nf6 25. Rh6 f4 26. e4 fxe3 27. Bxe3 Ncxd5 28. Bd2 Nc7 29. Kb1 Ne6 30. Qd3 Nd4 31. Bc3 Qb3 32. Rxf6 Kxf6 33. Rh6+ Rg6 34. Rh7 R8g7 35. Rh8 Qxa4 0-1

[Event "Izhevsk Corporation Cup-A 3rd"]
[Site "Izhevsk"]
[Date "2011.07.23"]
[Round "8"]
[White "Klepikov, Nikita"]
[Black "Fursov, Dmitriy"]
[Result "1-0"]
[WhiteElo "1985"]
[BlackElo "2138"]
[PlyCount "75"]
[EventDate "2011.07.15"]
[EventType "swiss"]
[EventRounds "9"]
[EventCountry "RUS"]
[SourceTitle "CBM 143 Extra"]
[Source "ChessBase"]
[SourceDate "2011.08.29"]
[SourceVersion "1"]
[SourceVersionDate "2011.08.29"]
[SourceQuality "1"]

1. e4 e6 2. d4 d5 3. Nc3 Nf6 4. Bg5 Be7 5. e5 Nfd7 6. Bxe7 Qxe7 7. f4 a6 8. Nf3 c5 9. dxc5 Nc6 10. Qd2 Qxc5 11. Bd3 Nb6 12. a3 Nc4 13. Bxc4 Qxc4 14. b3 Qc5 15. Na4 Qe7 16. Nb6 Rb8 17. Qe3 0-0 18. 0-0 Rd8 19. b4 Bd7 20. Rad1 Qf8 21. c4 Ne7 22. cxd5 Bb5 23. Rfe1 Nxd5 24. Nxd5 Rxd5 25. Rxd5 exd5 26. Nd4 Bc4 27. e6 fxe6 28. Nxe6 Qf6 29. Nd4 Rf8 30. g3 Kh8 31. Qe5 Qb6 32. Kg2 h6 33. Ne6 Rf6 34. Qb8+ Kh7 35. Nf8+ Rxf8 36. Qxf8 Bd3 37. Re8 Be4+ 38. Kh3 1-0